Social goals and economic perspectives

Αποθηκεύτηκε σε:
Λεπτομέρειες βιβλιογραφικής εγγραφής
Κύριος συγγραφέας: Marshall, G.
Μορφή: Βιβλίο
Γλώσσα:English
Δημοσίευση: Harmondsworth : Penguin, c1980
Θέματα:
Ετικέτες: Προσθήκη ετικέτας
Δεν υπάρχουν, Καταχωρήστε ετικέτα πρώτοι!

MARC

LEADER 00000nam a2200000 i 4500
001 1/58174
008 960503s1980 eng d
020 |a 0-14-08-0313-0 
035 |l 10028321 
040 |a GR-MY-UA  |b gre  |e aacr 
041 0 |a eng 
082 0 |a 339.46 
100 1 |a Marshall, G. 
245 1 0 |a Social goals and economic perspectives 
260 |a Harmondsworth :   |b Penguin,   |c c1980 
650 0 0 |a Income maintenance programs. 
650 0 0 |a Income distribution. 
650 0 0 |a Poverty. 
650 0 0 |a Public welfare. 
852 |a INST  |b CHIOS  |e 19960503  |h 339.46 MAR  |p 005200005111  |q 005200005111  |t BK  |y 0 
909 |a Χ  |b 000708